| 000 | 00757nam a22002175i 4500 | ||
|---|---|---|---|
| 001 | 176337 | ||
| 003 | ES-MaACL | ||
| 005 | 20231226145010.0 | ||
| 008 | 110110s1977 sp |||| | spa d | ||
| 020 | _a84-277-0305-8 | ||
| 080 | _a821.134.2-4"18" | ||
| 100 | 1 |
_aLarra, Mariano José de, _d1809-1837 _970287 |
|
| 245 | 1 | 0 |
_aEscritos / _cMariano José de Larra ; estudio, notas y comentarios de texto por José Vila Selma. |
| 260 |
_aMadrid : _bNarcea, _cD. L. 1977. |
||
| 300 |
_a230 p. ; _c18 cm. |
||
| 490 | 1 |
_aBitácora. Biblioteca del estudiante ; _v55 |
|
| 700 | 0 |
_aVila Selma, José. _9114738 |
|
| 830 | 0 |
_aBitácora. Biblioteca del estudiante ; _v55 _9181903 |
|
| 852 |
_aES-MaACL _jE-13983 _xOlim P-1892 |
||
| 999 |
_c176337 _d176337 |
||